| 000 | 01115nam0a22002771 4500 | ||
|---|---|---|---|
| 001 | rc\3926603 | ||
| 005 | 20130415111736.2 | ||
| 021 |
_aRU _b[54-45075] |
||
| 035 | _a(NLR Aleph) 008029236 | ||
| 090 |
_a8810436 _c8810436 |
||
| 100 | _a20130415d1954 |||y0rusy50 ca | ||
| 101 | 0 | _arus | |
| 102 | _aRU | ||
| 105 | _ay z ||||| | ||
| 200 | 1 |
_aОвощеводство колхоза имени Ленина _e[Батайский район] _fУпр. с.-х. пропаганды и науки Рост. обл. упр. сельского хозяйства. [Рост. обл. с.-х. выставка 1954 г.] |
|
| 210 |
_aРостов-на-Дону _cКн. изд-во _d1954 |
||
| 215 |
_a12 с. _d20 |
||
| 300 | _aПеред загл. авт.: А.А. Алимов, Е.А. Менжинский, агр.-овощеводы | ||
| 606 |
_aОвощеводство _yРостовская область _2psbo |
||
| 700 | 1 |
_aАлимов _bА. А. |
|
| 701 | 1 |
_aМенжинский _bЕ. А. |
|
| 801 | 0 |
_aRU _bNLR _gpsbo |
|
| 801 | 1 |
_aRU _bELAR _2rusmarc |
|
| 852 |
_aNLR _jС40 Г-4/1703 |
||
| 942 | _cBOOK | ||
| 980 | _aNB | ||